[Event "ICS Rated blitz match"]
[Site "207.99.83.227"]
[Date "1999.04.27"]
[Round "?"]
[White "j724"]
[Black "Hossa"]
[Result "0-1"]
[WhiteElo "2194"]
[BlackElo "2410"]
[PlyCount "56"]

1. d4 Nf6 2. Nf3 c5 3. c3 cxd4 4. cxd4 e6 5. Bg5 Be7 6. Nc3 Nc6 7. e4 d5 8. e5
Ne4 9. Bxe7 Qxe7 10. Bd3 Ng5 11. O-O Nxf3+ 12. Qxf3 O-O 13. Rad1 Qb4 14. Ne2
Qxb2 15. Qh5 g6 16. Qh6 Qxa2 17. Ng3 f5 18. exf6 Rxf6 19. h4 Nxd4 20. Nh5 Rf7
21. Bxg6 Ne2+ 22. Kh1 hxg6 23. Qxg6+ Kf8 24. Rd3 Qc4 25. g3 Rf5 26. Re3 Nf4 27.
Qh6+ Ke7 28. Qg7+ 28... Kd6 {j724 resigns} 0-1

[Event "ICS Rated blitz match"]
[Site "207.99.83.227"]
[Date "1999.04.27"]
[Round "?"]
[White "Hossa"]
[Black "nimraz"]
[Result "1-0"]
[WhiteElo "2424"]
[BlackElo "2320"]
[PlyCount "61"]

1. d4 g6 2. e4 Bg7 3. Nf3 d6 4. Nc3 Nf6 5. h3 O-O 6. Bc4 Nc6 7. Bf4 Nxe4 8.
Nxe4 d5 9. Bxc7 Qxc7 10. Bxd5 Nxd4 11. Nxd4 Qe5 12. Nf3 Qxb2 13. Rb1 Qa3 14.
Bxb7 Qa5+ 15. Nfd2 Bxb7 16. Rxb7 f5 17. Ng3 Rfd8 18. Rxe7 Bc3 19. Ngf1 Rd4 20.
Qe2 Qd5 21. Qe3 Rc8 22. f3 f4 23. Re8+ Rxe8 24. Qxe8+ Kg7 25. Qe7+ Kg8 26. Qe2
Qxa2 27. Qe8+ Kg7 28. Qe7+ Kh6 29. Qf8+ Kh5 30. g4+ Kg5 31. h4# {
nimraz checkmated} 1-0

[Event "ICS rated blitz match"]
[Site "207.99.83.227"]
[Date "1999.04.27"]
[Round "?"]
[White "nimraz"]
[Black "Hossa"]
[Result "0-1"]
[WhiteElo "2252"]
[BlackElo "2452"]
[PlyCount "66"]

1. c4 Nf6 2. a3 e5 3. Qc2 Bc5 4. e3 O-O 5. b4 Be7 6. Bb2 a5 7. b5 d6 8. Nc3 Be6
9. Nf3 Nbd7 10. h4 Nb6 11. d3 c6 12. a4 Re8 13. Ng5 Bg4 14. f3 Bd7 15. Be2 h6
16. d4 exd4 17. exd4 d5 18. bxc6 bxc6 19. c5 Nc4 20. Bxc4 dxc4 21. O-O-O Rc8
22. Kb1 Rb8 23. Ka1 Rb3 24. Nce4 hxg5 25. Nxf6+ Bxf6 26. hxg5 Bxg5 27. Qh7+ Kf8
28. Rde1 Rxe1+ 29. Rxe1 f5 30. Qh8+ Kf7 31. Qh5+ Kg8 32. Qg6 c3 33. Bc1 33...
Qb8 {nimraz resigns} 0-1

[Event "ICS rated blitz match"]
[Site "207.99.83.227"]
[Date "1999.04.27"]
[Round "?"]
[White "RichardF"]
[Black "Hossa"]
[Result "1-0"]
[WhiteElo "2174"]
[BlackElo "2474"]
[Annotator "Crafty v16.6"]
[PlyCount "85"]

{annotating for player ossa using a scoring margin of +0.10 pawns. search time
limit is 10.00} 1. c4 1... Nf6 2. g3 e5 3. Bg2 Nc6 4. Nc3 Bc5 5. e3 O-O 6. Nge2
d6 ({8:-0.05} 6... d6 7. O-O Bg4 8. d3 Qd7 9. e4 Bh3 10. Bg5 $10) ({8:+0.17} 
6... d5 7. cxd5 Nb4 8. O-O Nbxd5 9. Nxd5 Nxd5 10. d4 exd4 11. Nxd4 $10) 7. d4
Bb6 ({8:-0.02} 7... Bb6 8. d5 Ne7 9. O-O Bg4 10. e4 Bd4 11. Bg5 $10) ({8:+0.16
} 7... exd4 8. exd4 Bb6 9. O-O Bg4 10. Be3 Re8 11. Re1 11... Qe7 $10) 8. O-O
Qe8 ({8:-0.24} 8... Qe8 9. d5 Nb4 10. e4 Bg4 11. a3 Na6 12. Bg5 $10) ({8:+0.15
} 8... exd4 9. exd4 Bg4 10. Be3 Qd7 11. c5 Ba5 12. cxd6 Qxd6 13. Re1 $10) 9.
Nd5 Nxd5 10. cxd5 Ne7 11. Nc3 f6 ({9:-0.35} 11... f6 12. Na4 Ba5 13. e4 exd4
14. Qxd4 Bd7 15. Nc3 Bb6 16. Qd3 $14) ({9:+0.06} 11... exd4 12. exd4 Nf5 13.
Re1 Qd8 14. Na4 Ba5 15. Nc3 Qf6 16. Re4 $10) 12. a4 a5 ({9:-0.63} 12... a5 13.
dxe5 fxe5 14. e4 Qg6 15. Qd3 Qg4 16. Nb5 Bd7 17. Bd2 $14) ({9:-0.08} 12... exd4
13. exd4 Ba5 14. Re1 Qf7 15. Qf3 Re8 16. Bd2 Bd7 17. Qe4 $10) 13. dxe5 fxe5 14.
e4 Qg6 15. Be3 Bg4 16. Qb3 Ra6 17. Qc4 Bf3 18. Bxf3 Rxf3 19. Bxb6 Rxb6 20. Qxc7
Rxb2 21. Nd1 Rd2 22. Qxe7 Qxe4 23. Rc1 h6 24. Ne3 Ra2 25. Rc7 Qg6 26. Rxb7 Rxa4
27. Qe6+ Kh7 28. Rb8 Qf7 29. Qxd6 Ra2 30. Ng4 Qf5 31. Qe6 Qf7 32. Nxe5 Qxe6 33.
dxe6 Rf5 34. f4 Rf6 35. e7 Re6 36. e8=Q Rxe8 37. Rxe8 Ra4 38. Ra8 Ra2 39. f5
Rf2 40. Rxf2 h5 41. Ng6 Kh6 42. h4 a4 43. Rh8# 1-0

[Event "ICS Rated blitz match"]
[Site "207.99.83.227"]
[Date "1999.04.27"]
[Round "?"]
[White "Hossa"]
[Black "UBet"]
[Result "1-0"]
[WhiteElo "2447"]
[BlackElo "2245"]
[PlyCount "51"]

1. d4 Nf6 2. c4 e6 3. Nf3 c5 4. Nc3 cxd4 5. Nxd4 a6 6. e4 d6 7. Bd3 Nc6 8. Nxc6
bxc6 9. Qa4 Qc7 10. O-O Be7 11. c5 d5 12. exd5 exd5 13. Bf4 Qb7 14. Be5 O-O 15.
Rae1 Be6 16. Bd4 Rfc8 17. Qc2 Rab8 18. Be5 Ra8 19. Bxf6 Bxf6 20. Bxh7+ Kh8 21.
Re2 g6 22. Bxg6 fxg6 23. Rxe6 Qf7 24. Rd6 Kg7 25. Qa4 Qc7 26. Nxd5 {
UBet resigns} 1-0

[Event "ICS rated blitz match"]
[Site "207.99.83.227"]
[Date "1999.04.27"]
[Round "?"]
[White "UBet"]
[Black "Hossa"]
[Result "0-1"]
[WhiteElo "2237"]
[BlackElo "2455"]
[PlyCount "90"]

1. e4 e6 2. d4 d5 3. e5 c5 4. c3 Nc6 5. Nf3 cxd4 6. cxd4 Bb4+ 7. Nc3 Nge7 8.
Bd3 Bd7 9. O-O Rc8 10. Bd2 a5 11. a3 Bxc3 12. Bxc3 Ng6 13. g3 O-O 14. Rc1 f6
15. Bxg6 hxg6 16. Qd3 g5 17. Rfe1 g4 18. Nh4 fxe5 19. dxe5 Qg5 20. f4 gxf3 21.
Nxf3 Qg4 22. Rf1 a4 23. Kg2 Qh5 24. Rce1 Rf5 25. h3 Qh7 26. g4 Rh5 27. Qxh7+
Rxh7 28. Ng5 Rh6 29. Nf7 Rh4 30. Kg3 Rh7 31. Ng5 Rh6 32. Nf7 Rg6 33. Nd6 Ra8
34. Nxb7 d4 35. Bb4 Nxb4 36. axb4 Rb8 37. Nc5 Bc6 38. Nd3 Bb5 39. Rf3 Bxd3 40.
Rxd3 Rxb4 41. Re2 Rh6 42. h4 Kh8 43. g5 Rh5 44. Kg4 g6 45. Rf3 45... d3+ {
UBet resigns} 0-1

[Event "ICS rated blitz match"]
[Site "207.99.83.227"]
[Date "1999.04.27"]
[Round "?"]
[White "UBet"]
[Black "Hossa"]
[Result "0-1"]
[WhiteElo "2223"]
[BlackElo "2469"]
[PlyCount "54"]

1. e4 e5 2. Nf3 Nc6 3. Bb5 a6 4. Ba4 Nf6 5. O-O b5 6. Bb3 Bc5 7. Re1 O-O 8. c3
d6 9. h3 Be6 10. Bc2 d5 11. d3 dxe4 12. dxe4 Qe7 13. Be3 Bxe3 14. Rxe3 Rad8 15.
Qe1 Rd7 16. Nbd2 Rfd8 17. a3 Na5 18. Re2 Nc4 19. Nxc4 Bxc4 20. Rd2 Rxd2 21.
Nxd2 Bd3 22. Bxd3 Rxd3 23. Nf1 Qd7 24. f3 Qd6 25. Kh1 c6 26. Ne3 Qd7 27. Rd1
27... Rxe3 {UBet resigns} 0-1

[Event "ICS rated blitz match"]
[Site "207.99.83.227"]
[Date "1999.04.27"]
[Round "?"]
[White "Hossa"]
[Black "UBet"]
[Result "1-0"]
[WhiteElo "2475"]
[BlackElo "2217"]
[PlyCount "57"]

1. c4 Nf6 2. d4 e6 3. e3 c5 4. Nf3 d5 5. Bd3 dxc4 6. Bxc4 Nc6 7. O-O cxd4 8.
Nxd4 Nxd4 9. Qxd4 Qxd4 10. exd4 Be7 11. b3 O-O 12. Nc3 Rd8 13. Be3 Bd7 14. Rac1
Bc6 15. Rfe1 Rac8 16. Nb5 Ra8 17. Nc7 Rac8 18. Nxe6 fxe6 19. Bxe6+ Kf8 20. Bxc8
Rxc8 21. Bg5 a6 22. Bxf6 Bxf6 23. d5 Bd7 24. Rxc8+ Bxc8 25. Rc1 Bf5 26. Rc7 b5
27. Ra7 Be4 28. Rxa6 Bxd5 29. Rb6 {UBet resigns} 1-0

[Event "ICS rated blitz match"]
[Site "207.99.83.227"]
[Date "1999.04.27"]
[Round "?"]
[White "Happychess"]
[Black "Hossa"]
[Result "1-0"]
[WhiteElo "2503"]
[BlackElo "2481"]
[Annotator "Crafty v16.6"]
[PlyCount "95"]

{annotating for player ossa using a scoring margin of +0.10 pawns. search time
limit is 10.00} 1. d4 1... d5 2. Nf3 e6 3. c4 dxc4 4. e4 Nf6 ({7:+0.06} 4...
Nf6 5. e5 Ne4 6. Bxc4 Bb4+ 7. Nbd2 Nxd2 8. Bxd2 Bxd2+ 9. Qxd2 9... O-O $10) ({
7:+0.34} 4... b5 5. Nc3 Bb4 6. a3 Bxc3+ 7. bxc3 Nf6 8. e5 8... Ne4 $15) 5. Nc3
Bb4 6. Bg5 Be7 ({8:-0.40} 6... Be7 7. Bxc4 O-O 8. O-O Nbd7 9. Rc1 Nb6 10. Bb5
$14) ({8:+0.11} 6... h6 7. Bxf6 Qxf6 8. Bxc4 Bxc3+ 9. bxc3 Qg6 10. O-O Qxe4 11.
Re1 11... Qf4 $10) 7. Bxc4 O-O 8. O-O Nc6 9. a3 Ng4 10. Bf4 a6 11. d5 Na5 12.
Be2 exd5 13. Nxd5 Bd6 14. e5 Bc5 15. Bg5 Qd7 16. Rc1 Nxf2 17. Rxf2 Bxf2+ 18.
Kxf2 Nc6 19. Ne7+ Kh8 20. Nxc6 bxc6 21. Qc2 Rb8 22. Kg1 Qg4 23. Bd3 Be6 24. h3
Qg3 25. Qd2 Bxh3 26. Bh4 Qg4 27. b4 a5 28. Rxc6 axb4 29. axb4 Qd7 30. Qc2 Rxb4
31. Rxc7 Qg4 32. Kh2 Rf4 33. gxh3 Qe6 34. Qc5 Re8 35. Ng5 Qa2+ 36. Kg3 Qd2 37.
Rc8 Qxd3+ 38. Kxf4 Qd2+ 39. Kg3 Qe1+ 40. Kh2 Qe2+ 41. Bf2 Qxf2+ 42. Qxf2 Rxc8
43. Qf5 Rc2+ 44. Qxc2 g6 45. Qc7 h6 46. Qd8+ Kg7 47. Qf6+ Kf8 48. Qxf7# 1-0

[Event "ICS rated blitz match"]
[Site "207.99.83.227"]
[Date "1999.04.27"]
[Round "?"]
[White "Hossa"]
[Black "Happychess"]
[Result "0-1"]
[WhiteElo "2466"]
[BlackElo "2518"]
[Annotator "Crafty v16.6"]
[PlyCount "117"]

{annotating for player ossa using a scoring margin of +0.10 pawns. search time
limit is 10.00} 1. c4 1... Nf6 2. g3 e5 3. Bg2 c6 4. Nf3 e4 5. Ng5 d5 6. cxd5
cxd5 7. O-O h6 8. Nh3 Bd7 9. d3 ({9:-0.02} 9. d3 9... Qc8 10. Qb3 e3 11. Nf4
exf2+ 12. Kxf2 Qc5+ 13. d4 Qxd4+ 14. e3 Qe5 15. Qxb7 $10) ({9:+0.28} 9. Qb3
9... Bc6 10. Nc3 Bd6 11. d4 O-O 12. Nf4 Bc7 13. Qd1 $10) 9... Qc8 10. Nf4 g5
11. dxe4 ({9:-0.78} 11. dxe4 11... gxf4 12. Bxf4 dxe4 13. Qd4 Be7 14. Bxe4 Nc6
15. Qc3 $17) ({9:-0.57} 11. Nxd5 11... Nxd5 12. dxe4 Nf6 13. Qd4 Be7 14. Nc3
Nc6 15. Qc4 $15) 11... gxf4 12. exd5 ({8:-1.32} 12. exd5 12... fxg3 13. hxg3
Bc5 14. Nc3 Na6 15. Bf4 Bh3 16. Qa4+ 16... Bd7 $17) ({8:-0.88} 12. e5 12... Nh5
13. Bxf4 Nxf4 14. gxf4 Bh3 15. Qxd5 Rg8 16. Qb5+ 16... Nc6 $17) 12... fxg3 13.
fxg3 Qc5+ 14. e3 Bg4 15. Qb3 Nbd7 16. Qxb7 Rb8 17. Qc6 Rc8 18. Qxc5 Bxc5 19.
Bd2 Be2 20. Rf4 Bd6 21. Rf2 Bd3 22. Bc3 Rg8 23. Bxf6 Rc1+ 24. Bf1 Nxf6 25. Rxf6
Be5 26. Rf2 Bxf1 27. Nc3 Rxa1 28. Rxf1 Rxf1+ 29. Kxf1 Rg4 30. Nd1 Rc4 31. b3
Rc1 32. Ke2 Rc2+ 33. Kf3 Rxa2 34. Nf2 Bg7 35. Ne4 Rxh2 36. Nd6+ Kd7 37. Nf5 Bf8
38. Nd4 Rb2 39. Kg4 Kd6 40. e4 Bg7 41. Nf5+ Ke5 42. Nxg7 Rxb3 43. Nf5 a5 44.
Nxh6 f5+ 45. exf5 Kxd5 46. f6 a4 47. f7 Rb8 48. Kf5 a3 49. Ng4 a2 50. Ne3+ Kd4
51. Nc2+ Kc3 52. Na1 Kb2 53. g4 Kxa1 54. g5 Kb2 55. g6 a1=Q 56. Kg5 Qg1+ 57.
Kf5 Rb5+ 58. Kf6 Qf2+ 59. Ke7 0-1

[Event "ICS rated blitz match"]
[Site "207.99.83.227"]
[Date "1999.04.27"]
[Round "?"]
[White "Happychess"]
[Black "Hossa"]
[Result "1-0"]
[WhiteElo "2521"]
[BlackElo "2460"]
[Annotator "Crafty v16.6"]
[PlyCount "88"]

{annotating for player ossa using a scoring margin of +0.10 pawns. search time
limit is 10.00} 1. d4 1... e6 2. e4 d5 3. Nc3 dxe4 4. Nxe4 Qd5 5. Nc3 Bb4 6.
Nf3 Nf6 7. Bd2 Qd8 ({8:-0.29} 7... Qd8 8. Bc4 Nc6 9. a3 Be7 10. Bf4 Na5 11. Bd3
$10) ({9:+0.04} 7... Bxc3 8. bxc3 O-O 9. Bd3 c5 10. O-O Nc6 11. Be3 cxd4 12.
cxd4 12... Ne4 $10) 8. Bd3 O-O 9. O-O Nc6 10. Ne2 Bd6 11. c4 e5 ({8:-0.25} 
11... e5 12. d5 Nb8 13. Bg5 Bg4 14. Be4 Nbd7 15. Qd3 $10) ({8:-0.13} 11... Nb4
12. Bb1 b6 13. a3 Nc6 14. Bd3 Bb7 15. Re1 $10) 12. dxe5 Bxe5 13. Qc2 Bxb2 14.
Rad1 Ba3 15. Bg5 Nb4 16. Qc3 Nxd3 17. Qxa3 Bf5 18. Ng3 Bg6 19. Nh4 Qd4 20. Nxg6
fxg6 21. Qxd3 Qe5 22. Bxf6 Qxf6 23. Qd5+ Qf7 24. Qxb7 Rae8 25. Qd5 Qxd5 26.
cxd5 Rf4 27. Rfe1 Rxe1+ 28. Rxe1 Rd4 29. Re8+ Kf7 30. Rc8 a5 31. Rxc7+ Kf6 32.
h3 Rxd5 33. Ne4+ Ke6 34. Kh2 Re5 35. f3 Rb5 36. Rxg7 Ke5 37. Rxh7 Kd4 38. Ra7
Kd3 39. a4 Re5 40. Rg7 Kc4 41. Rxg6 Re7 42. Rb6 Kd4 43. g4 Rf7 44. Kg3 Ke3 1-0

[Event "ICS rated blitz match"]
[Site "207.99.83.227"]
[Date "1999.04.27"]
[Round "?"]
[White "RichardF"]
[Black "Hossa"]
[Result "1/2-1/2"]
[WhiteElo "2248"]
[BlackElo "2447"]
[PlyCount "137"]

1. e4 c5 2. c3 e6 3. d4 cxd4 4. Nf3 dxc3 5. Nxc3 Nc6 6. Bc4 Bb4 7. O-O Nf6 8.
e5 Bxc3 9. bxc3 Ne4 10. Bf4 Nxc3 11. Qb3 Ne4 12. Qc2 f5 13. exf6 Nxf6 14. Bd6
Ne7 15. Rfe1 O-O 16. Bd3 Kh8 17. Rac1 b6 18. Ng5 g6 19. Be4 Ned5 20. Bxd5 Nxd5
21. Bxf8 Qxf8 22. Qa4 Qb4 23. Qxb4 Nxb4 24. Re4 Nd5 25. Rh4 h5 26. g4 Nf6 27.
gxh5 gxh5 28. Rc7 Ba6 29. Ra4 Rg8 30. Rxa6 Rxg5+ 31. Kf1 Ng4 32. Rxd7 Nxh2+ 33.
Ke2 Re5+ 34. Kd3 Ng4 35. Raxa7 Nxf2+ 36. Kc3 Rc5+ 37. Kd4 Rg5 38. Rab7 e5+ 39.
Ke3 Ng4+ 40. Ke2 Nf6 41. Rd8+ Rg8 42. Rd6 Rg7 43. Rb8+ Ng8 44. Rh6+ Rh7 45.
Rhxb6 Re7 46. Rg6 Rg7 47. Rh6+ Rh7 48. Rxh7+ Kxh7 49. Rxg8 Kxg8 50. a4 h4 51.
a5 h3 52. Kf1 e4 53. a6 h2 54. Kg2 e3 55. a7 Kf7 56. a8=Q h1=Q+ 57. Kxh1 Ke7
58. Qb7+ Kd6 59. Qe4 Kd7 60. Qxe3 Kc7 61. Kg2 Kd7 62. Kf3 Kc7 63. Ke4 Kd6 64.
Qd4+ Kc6 65. Ke5 Kc7 66. Qd6+ Kc8 67. Kd5 Kb7 68. Kc5 Kc8 69. Kc6 {
Hossa stalemated} 1/2-1/2

[Event "ICS rated blitz match"]
[Site "207.99.83.227"]
[Date "1999.04.27"]
[Round "?"]
[White "Hossa"]
[Black "RichardF"]
[Result "0-1"]
[WhiteElo "2439"]
[BlackElo "2256"]
[Annotator "Crafty v16.6"]
[PlyCount "79"]

{annotating for player ossa using a scoring margin of +0.10 pawns. search time
limit is 10.00} 1. d4 1... d5 2. Nf3 Nf6 3. Bf4 ({8:-0.28} 3. Bf4 3... Nh5 4.
Bd2 Nc6 5. Nc3 Bf5 6. Nb5 6... Be4 $10) ({8:-0.13} 3. e3 3... e6 4. Bb5+ Bd7 5.
Bxd7+ Nfxd7 6. c4 dxc4 7. Qa4 Nc6 8. Qxc4 $10) 3... c5 4. dxc5 e6 5. b4 a5 6.
Nd4 Nbd7 7. Nb5 e5 8. Be3 ({8:-0.64} 8. Be3 8... axb4 9. Nd6+ Bxd6 10. cxd6 d4
11. Bg5 Nb6 12. e3 Qxd6 13. exd4 13... exd4 $15) ({8:-0.12} 8. Bd2 8... axb4 9.
Bxb4 Nxc5 10. c3 Bf5 11. Nd2 Be7 12. Nf3 $10) 8... axb4 9. Nd6+ Bxd6 10. cxd6
O-O 11. f4 ({8:-1.40} 11. f4 11... Ng4 12. Bg1 exf4 13. Qxd5 Qh4+ 14. Kd2 Ndf6
15. Qd4 $17) ({8:-1.17} 11. g3 11... Qa5 12. Bd2 Qc5 13. Bg2 Qxd6 14. O-O 14...
Ne4 $17) 11... Re8 12. fxe5 Nxe5 13. Bc5 Qa5 14. Bd4 b3+ 15. Nd2 bxa2 16. Kf2
Qb4 17. c3 Qxd6 18. Kg1 Nc6 19. Bb6 Bf5 20. Qb3 Qa3 21. Qxa3 Rxa3 22. c4 Nd7
23. Bf2 d4 24. h3 Nc5 25. Rh2 Bc2 26. Bh4 Nb3 27. Nxb3 Bxb3 28. c5 Nb4 29. Bg5
Nc2 30. Bc1 Ra5 31. Bb2 Nxa1 32. Bxa1 d3 33. exd3 Re1 34. Bc3 Rxc5 35. Bd4 Rf5
36. g4 Rfxf1+ 37. Kg2 Rd1 38. Be5 g5 39. Kg3 Rxd3+ 40. Kg2 0-1

[Event "ICS rated blitz match"]
[Site "207.99.83.227"]
[Date "1999.04.27"]
[Round "?"]
[White "Hossa"]
[Black "blackbird"]
[Result "1-0"]
[WhiteElo "2415"]
[BlackElo "2159"]
[PlyCount "44"]

1. c4 e5 2. Nc3 Nf6 3. Nf3 d6 4. e4 Be7 5. Be2 O-O 6. d4 exd4 7. Nxd4 Nc6 8.
Nxc6 bxc6 9. O-O Rb8 10. Qa4 Bd7 11. Qxa7 Ra8 12. Qe3 Be6 13. Qg3 Nd7 14. Bh6
Bf6 15. Bd2 Ne5 16. c5 d5 17. Rfd1 d4 18. Be3 Nc4 19. Bxc4 Bxc4 20. e5 Be7 21.
Rxd4 Bd5 22. Bh6 22... g6 {blackbird resigns} 1-0

[Event "ICS rated blitz match"]
[Site "207.99.83.227"]
[Date "1999.04.27"]
[Round "?"]
[White "DrHugoELO"]
[Black "Hossa"]
[Result "0-1"]
[WhiteElo "2030"]
[BlackElo "2421"]
[PlyCount "110"]

1. d4 Nf6 2. Nc3 d5 3. Bg5 e6 4. e4 dxe4 5. Nxe4 Be7 6. Bxf6 Bxf6 7. Nf3 Be7 8.
c3 O-O 9. Bd3 Nc6 10. h4 a5 11. Nfg5 f5 12. Ng3 Bxg5 13. hxg5 Qxg5 14. Rh5 Qf4
15. Qe2 Bd7 16. Nf1 Rad8 17. Rh1 Rf6 18. g3 Qd6 19. Ne3 e5 20. d5 e4 21. Bc2
Ne5 22. O-O-O Nf3 23. Kb1 Qc5 24. Bb3 Rd6 25. Nc4 Bb5 26. a4 Ba6 27. Qe3 Qxe3
28. Nxe3 Be2 29. Rc1 Nd2+ 30. Ka2 Bf3 31. Rh4 g5 32. Rh3 f4 33. gxf4 Nxb3 34.
Kxb3 gxf4 35. Rg1+ Kh8 36. Nf5 Rxd5 37. Ne7 Rh5 38. Rxh5 Bxh5 39. Rg5 Bd1+ 40.
Ka3 e3 41. fxe3 fxe3 42. Rg1 e2 43. b4 axb4+ 44. cxb4 Re8 45. Nd5 c6 46. Nf6
Rf8 47. Re1 Rxf6 48. a5 Rf1 49. b5 Rxe1 50. a6 bxa6 51. b6 Bc2 52. b7 Rb1 53.
b8=Q+ Rxb8 54. Ka2 e1=Q 55. Ka3 55... Qa1# {DrHugoELO checkmated} 0-1

[Event "ICS rated blitz match"]
[Site "207.99.83.227"]
[Date "1999.04.28"]
[Round "?"]
[White "Varguz"]
[Black "Hossa"]
[Result "1/2-1/2"]
[WhiteElo "2710"]
[BlackElo "2424"]
[PlyCount "78"]

1. e4 e5 2. Nf3 Nc6 3. Bc4 Nf6 4. Ng5 d5 5. exd5 Nxd5 6. d4 exd4 7. O-O f6 8.
Re1+ Be7 9. Ne6 Bxe6 10. Rxe6 Ne5 11. Rxe5 fxe5 12. Qh5+ Kf8 13. Qxe5 Nb6 14.
Qf5+ Bf6 15. Na3 Nxc4 16. Nxc4 Qe7 17. Bg5 Re8 18. Rf1 b6 19. Bf4 Qf7 20. Qd3
Kg8 21. b4 h6 22. b5 Re7 23. a4 Rh7 24. a5 Qd5 25. axb6 axb6 26. Ne3 Qf7 27.
Nf5 Rd7 28. Ra1 Qd5 29. Re1 g5 30. Bg3 Rd8 31. h3 Rf8 32. Bxc7 Rxc7 33. Ne7+
Rxe7 34. Rxe7 Bg7 35. Qg6 Rf7 36. Re8+ Rf8 37. Re7 Rf7 38. Re8+ Rf8 39. Re7
39... Rf7 {Game drawn by repetition} 1/2-1/2

[Event "ICS rated blitz match"]
[Site "207.99.83.227"]
[Date "1999.04.28"]
[Round "?"]
[White "j724"]
[Black "Hossa"]
[Result "1-0"]
[WhiteElo "2174"]
[BlackElo "2441"]
[Annotator "Crafty v16.6"]
[PlyCount "64"]

{annotating for player ossa using a scoring margin of +0.10 pawns. search time
limit is 10.00} 1. d4 1... e6 2. Nf3 d5 3. Bf4 Nd7 ({8:-0.40} 3... Nd7 4. Nc3
Ngf6 5. Nb5 Bb4+ 6. c3 Ba5 7. b4 7... c6 $14) ({8:-0.20} 3... Nf6 4. e3 Bd6 5.
Bb5+ c6 6. Bd3 Bxf4 7. exf4 Qa5+ 8. Qd2 Qxd2+ 9. Nbxd2 9... O-O $10) 4. e3 Ngf6
5. Bd3 Nh5 6. Bg3 Be7 ({8:+0.03} 6... Be7 7. Be5 f6 8. Bg3 Nxg3 9. hxg3 f5 10.
Nc3 10... Bb4 $10) ({8:+0.16} 6... Nxg3 7. hxg3 c5 8. Nbd2 Bd6 9. c3 cxd4 10.
cxd4 Bb4 11. Bb5 $10) 7. Nbd2 c5 ({8:-0.09} 7... c5 8. Be5 O-O 9. O-O Nxe5 10.
Nxe5 Nf6 11. Re1 11... Qd6 $10) ({8:+0.05} 7... Nxg3 8. hxg3 c5 9. c3 cxd4 10.
Nxd4 Nf6 11. Qc2 Bd7 12. O-O-O $10) 8. c3 h6 ({8:-0.33} 8... h6 9. Be5 Qb6 10.
Rb1 Qa5 11. O-O Qxa2 12. dxc5 12... Bxc5 $14) ({8:+0.10} 8... cxd4 9. Nxd4 Nxg3
10. hxg3 Nf6 11. Qc2 Bd7 12. O-O-O Ng4 13. N2b3 $10) 9. Ne5 Nxg3 10. hxg3 Nxe5
({8:+0.11} 10... Nxe5 11. dxe5 Qb6 12. Qa4+ Bd7 13. Qc2 Qc7 14. Nf3 c4 15. Be2
$10) ({8:+0.28} 10... Qb6 11. Qc2 cxd4 12. exd4 Nxe5 13. dxe5 O-O 14. Nb3 Qc7
15. Qe2 $10) 11. dxe5 O-O ({8:-0.47} 11... O-O 12. Qg4 c4 13. Be2 Kh8 14. O-O-O
Qc7 15. Qh5 $14) ({8:+0.00} 11... Qb6 12. Qc2 O-O 13. O-O-O d4 14. Nc4 Qc7 15.
exd4 cxd4 16. cxd4 $10) 12. Qg4 Kh8 13. O-O-O c4 14. Bc2 Bd7 15. Rh2 Bc8 16.
Rdh1 Bg5 17. f4 f6 18. fxg5 fxe5 19. gxh6 g5 20. Nf3 e4 21. Nxg5 Qb6 22. h7
Qxe3+ 23. Kb1 Qf2 24. Rh6 e5 25. Qd1 Qxg3 26. Rg6 Qf4 27. Qxd5 Qf1+ 28. Rxf1
Rxf1+ 29. Bd1 Rxd1+ 30. Qxd1 Be6 31. Nxe6 Re8 32. Ng5 Rf8 1-0

[Event "ICS rated blitz match"]
[Site "207.99.83.227"]
[Date "1999.04.28"]
[Round "?"]
[White "Happychess"]
[Black "Hossa"]
[Result "0-1"]
[WhiteElo "2550"]
[BlackElo "2438"]
[PlyCount "82"]

1. c4 Nf6 2. g3 e5 3. Bg2 c6 4. d4 Bb4+ 5. Bd2 Bxd2+ 6. Nxd2 exd4 7. Ngf3 c5 8.
O-O O-O 9. Ne5 d5 10. cxd5 Nxd5 11. Nd3 b6 12. b4 Na6 13. bxc5 bxc5 14. Rc1 Nc3
15. Qe1 Rb8 16. Ne4 Nxe4 17. Bxe4 Bh3 18. Bg2 Bxg2 19. Kxg2 c4 20. Ne5 Qd5+ 21.
Nf3 Rfd8 22. e4 Qc5 23. Qe2 Rbc8 24. Rb1 d3 25. Qd2 c3 26. Qf4 d2 27. Ng5 Qc7
28. Qf5 g6 29. Qh3 h5 30. Ne6 fxe6 31. Qxe6+ Qf7 32. Qxa6 c2 33. Rb7 d1=Q 34.
Rxf7 Kxf7 35. Qxa7+ Kg8 36. Qe7 Qxf1+ 37. Kxf1 c1=Q+ 38. Kg2 Qc4 39. a4 Re8 40.
Qf6 Qxe4+ 41. Kh3 41... Ra8 {Happychess resigns} 0-1

[Event "ICS rated blitz match"]
[Site "207.99.83.227"]
[Date "1999.04.28"]
[Round "?"]
[White "Hossa"]
[Black "erbit"]
[Result "0-1"]
[WhiteElo "2459"]
[BlackElo "2215"]
[Annotator "Crafty v16.6"]
[PlyCount "138"]

{annotating for player ossa using a scoring margin of +0.10 pawns. search time
limit is 10.00} 1. c4 1... e5 2. Nc3 d6 3. Nf3 f5 4. d4 Nc6 5. dxe5 dxe5 6.
Qxd8+ Kxd8 7. Bg5+ Be7 8. Nd5 ({8:+0.40} 8. Nd5 8... Bxg5 9. Nxg5 Nh6 10. O-O-O
Bd7 11. Kb1 Kc8 12. h4 $14) ({8:+0.54} 8. Bxe7+ 8... Ngxe7 9. Ng5 Nd4 10. O-O-O
Ke8 11. e3 Ne6 12. h4 12... Bd7 $14) 8... Bd7 9. Bxe7+ ({9:-0.10} 9. Bxe7+ 9...
Ngxe7 10. O-O-O e4 11. Ng5 Nxd5 12. Rxd5 Nb4 13. Re5 Kc8 14. Kb1 $10) ({9:+0.30
} 9. Nxe7 9... Ngxe7 10. O-O-O h6 11. Bd2 e4 12. Nh4 Kc8 13. Bc3 13... Rg8 $10)
9... Ngxe7 10. O-O-O h6 11. e3 ({9:+0.12} 11. e3 11... e4 12. Nd4 Nxd4 13. Rxd4
Nxd5 14. cxd5 Ke7 15. Rb4 Rab8 16. Kd2 $10) ({9:+0.23} 11. Nxe7 11... Kxe7 12.
Rd5 Be6 13. Rb5 Rhb8 14. e3 e4 15. Nh4 15... Kf6 $10) 11... e4 12. Nxe7 ({
9:-0.02} 12. Nxe7 12... Kxe7 13. Nh4 Rhd8 14. Ng6+ Kf6 15. Nf4 Be6 16. Be2
Rxd1+ 17. Rxd1 Nb4 18. Nh5+ 18... Kf7 $10) ({9:+0.09} 12. Nd4 12... Nxd4 13.
Rxd4 c6 14. Nxe7 Kxe7 15. Be2 Rad8 16. Kd2 c5 17. Rd5 $10) 12... Kxe7 13. Nd2
Rad8 14. f3 exf3 15. gxf3 Be6 16. Rg1 Kf7 17. h4 Ne5 18. Be2 Nd3+ 19. Kc2 Nb4+
20. Kb1 a5 21. e4 Nc6 22. Nb3 Rxd1+ 23. Rxd1 g5 24. hxg5 hxg5 25. Nc5 b6 26.
Nxe6 Kxe6 27. Bd3 f4 28. c5 bxc5 29. Bc4+ Kf6 30. Bb3 Nd4 31. Rf1 Rh3 32. Bd1
Ke5 33. Kc1 Rh2 34. Rg1 Ne6 35. Kb1 Kf6 36. Rf1 Nd4 37. a3 c6 38. Kc1 c4 39.
Kb1 c5 40. Ka1 c3 41. bxc3 Nb5 42. a4 Nxc3 43. Bb3 Ne2 44. Rd1 Nd4 45. Rd3 Rf2
46. Bd1 Rh2 47. Bb3 Rh3 48. Bd5 Rxf3 49. e5+ Kxe5 50. Bxf3 Nxf3 51. Rxf3 g4 52.
Rc3 Kd4 53. Rc1 f3 54. Rf1 Ke3 55. Re1+ Kf2 56. Re5 g3 57. Rxc5 g2 58. Rc2+ Kg3
59. Ka2 f2 60. Rc3+ Kh2 61. Rc8 g1=Q 62. Rh8+ Kg2 63. Rg8+ Kf1 64. Rb8 Ke2 65.
Rb2+ Kd3 66. Rb1 Qxb1+ 67. Kxb1 f1=Q+ 68. Ka2 Kc3 69. Ka3 Qa1# 0-1

[Event "ICS rated blitz match"]
[Site "207.99.83.227"]
[Date "1999.04.28"]
[Round "?"]
[White "fafonchio"]
[Black "Hossa"]
[Result "0-1"]
[WhiteElo "2200"]
[BlackElo "2433"]
[PlyCount "122"]

1. f4 Nf6 2. Nf3 e6 3. g3 d5 4. Bg2 Be7 5. O-O O-O 6. c3 c5 7. d3 Nc6 8. Qc2
Qb6 9. h3 c4+ 10. d4 Ne4 11. Kh2 Bd6 12. Nbd2 f5 13. Ne5 Bc7 14. e3 Qb5 15.
Ndf3 Bd6 16. Bd2 Nxe5 17. Nxe5 a5 18. Rg1 Ra6 19. Raf1 Rb6 20. Bc1 Rf6 21. Bf3
Rh6 22. g4 g6 23. g5 Rh4 24. Qe2 Bxe5 25. dxe5 h6 26. Bxe4 fxe4 27. Qf2 Rh5 28.
gxh6 Rxh6 29. Rg3 Bd7 30. Rfg1 Be8 31. Qg2 Rc6 32. Rg5 Kh8 33. Qg4 Qa4 34. a3
Qc2+ 35. Qg2 Qxg2+ 36. R1xg2 Rc7 37. Kg3 Rch7 38. Rh2 Ba4 39. h4 Bb3 40. Kg4
Kg8 41. Kg3 Kf7 42. Rh3 b5 43. Rh2 Ke7 44. Bd2 Kd7 45. Kg4 Bd1+ 46. Kg3 Kc6 47.
Be1 Bb3 48. Kg2 Rg7 49. Kf1 Rh5 50. Rhg2 Rxg5 51. Rxg5 Bd1 52. h5 Bxh5 53. Kg2
Bf3+ 54. Kg3 a4 55. Bf2 Bd1 56. Bg1 Bb3 57. Bh2 Kc5 58. Kg2 Rg8 59. Kg3 Kc6 60.
Kg4 Rh8 61. Bg3 61... Bd1# {fafonchio checkmated} 0-1